[Event "Stay Safe Play From Home 131"]
[Site "T#645805Emanuel Laske"]
[Date "2020.05.07"]
[Round "7"]
[White "Indianquant"]
[Black "rohit2007"]
[Result "1-0"]
[WhiteElo "2219"]
[BlackElo "2062"]
[Annotator "TA"]
[PlyCount "114"]
[EventDate "2020.05.07"]
[EventType "swiss (blitz)"]

{[%evp 9,114,50,63,30,85,92,100,43,74,60,70,64,66,60,60,64,110,113,252,220,621,645,955,963,29992,1001,29994,1385,965,964,931,926,852,675,672,663,952,933,988,795,795,795,768,754,29987,29988,29988,29988,5335,861,1196,779,867,835,889,819,858,795,791,789,817,650,1345,743,740,702,693,706,1081,1138,1115,1062,1156,1070,1531,1361,1446,1444,29975,1352,1255,1197,1143,1122,29985,29986,29986,29987,29987,29988,29988,29989,29989,29990,29991,29992,29992,29993,29993,29994,29996,29996,29997,29996,29996,29997,29997]} 1. Nf3 c5 2. c4 Nc6 3. Nc3 g6 4. e3 e6 5. d4 cxd4 6. Nxd4 {A35: Symmetrical English: 2 Nc3 Nc6 3 Nf3.} Nxd4 {[#]} (6... Nf6 $11) 7. Qxd4 $146 ({Predecessor:} 7. exd4 d6 8. Bf4 Qb6 9. Qd2 Bd7 10. Be3 Bg7 11. Ne4 Nf6 12. Nxf6+ Bxf6 13. Be2 O-O 14. O-O a5 15. Rab1 {½-½ (15) Visser,D (2125)-Vossenkuhl,J (2054) Niederrhein 1999}) 7... Nf6 8. Nb5 ({Better is} 8. e4 $16) 8... a6 {[#]} 9. Nd6+ $1 Bxd6 $1 10. Qxd6 Qe7 11. Qxe7+ Kxe7 12. b3 e5 13. Ba3+ Ke6 {Now Black is done in.} (13... d6 $16 {was called for.}) 14. Rd1 {Black must now prevent Rd6+.} Ne4 $2 (14... Ne8 15. c5 b5 16. cxb6 Bb7) 15. f3 $18 Nf6 16. Rd6+ Kf5 17. g4+ (17. e4+ $142 Kg5 18. Bc1+ Kh4 19. Rxf6 d5 20. exd5 Bf5 21. g3+ Kh5 22. g4+ Bxg4 23. fxg4+ Kh4 24. Rxf7) 17... Nxg4 18. fxg4+ (18. h4 $142 e4 19. Bb2 g5 20. fxg4+ Kxg4 21. Rg1+ Kh5 22. Be2+ g4 23. Bxg4+ {[%mdl 64] Double Attack} Kxh4 24. Bf6#) 18... Kxg4 19. Rg1+ Kh5 20. Be2+ Kh6 21. Bb2 Re8 22. Rf1 f5 23. Rxf5 b5 24. Rxe5 Rxe5 25. Bxe5 bxc4 26. Bxc4 Bb7 27. Bf4+ Kh5 28. Be2+ Kh4 29. Bg3+ Kh3 30. Bf1+ Kg4 31. Rd4+ Kh5 32. Be2+ Kg5 33. Bf4+ Kf5 34. Rxd7 {[%mdl 64] Double Attack} Be4 35. Bd3 Rc8 36. Bxe4+ Kxe4 {[%mdl 4096] Endgame KRB-KR} 37. Rd4+ Kf3 38. Kd2 Rc5 39. b4 Rf5 40. a4 g5 41. Bg3 h5 42. Kd3 h4 {[#]} 43. Bxh4 $1 gxh4 {[#]} 44. Rxh4 {KR-KR} (44. Rf4+ $142 $1 Rxf4 45. exf4 Kg2 46. f5 Kxh2 47. f6 a5 48. bxa5 h3 49. f7) 44... Rd5+ 45. Rd4 Rh5 46. h4 Rf5 {[#]} 47. Rf4+ $1 {White mates.} Rxf4 48. exf4 Kxf4 {KP-KP} 49. b5 axb5 50. axb5 Ke5 51. h5 Kd5 52. h6 Kc5 53. h7 Kxb5 54. h8=Q Kb4 55. Qd4+ Kb3 56. Qc3+ Ka4 57. Qb2 Ka5 {Accuracy: White = 60%, Black = 38%.} 1-0

[Event "Stay Safe Play From Home 131"]
[Site "T#645805Emanuel Laske"]
[Date "2020.05.07"]
[Round "7"]
[White "Shatarchin7"]
[Black "Little champs"]
[Result "0-1"]
[WhiteElo "2070"]
[BlackElo "2146"]
[Annotator "TA"]
[PlyCount "84"]
[EventDate "2020.05.07"]
[EventType "swiss (blitz)"]

{[%evp 9,83,26,29,26,34,0,12,0,42,-67,-62,-56,-43,-53,-10,-84,-60,-42,-34,-68,-42,-73,-77,-90,-26,-68,-9,-34,-10,-60,-72,-52,-32,-32,-8,-41,0,-22,9,-27,-26,-100,-106,-99,-104,-91,-77,-77,-81,-133,-99,-149,-70,-102,0,-146,-72,-162,-158,-158,-165,-188,-112,-214,-146,-772,-770,-945,-852,-29988,-29989,-29996,-29997,-29997,-29998,-29999]} 1. Nf3 c5 2. e3 d6 3. c4 Nf6 4. Nc3 g6 5. d4 cxd4 6. exd4 {A04: Unusual lines after 1 Nf3 and King's Indian Attack.} Bg7 7. Be3 O-O 8. d5 {[#] The position is equal.} Ng4 $146 ({Predecessor:} 8... Na6 9. Be2 Bd7 10. O-O Qc8 11. Rc1 Bg4 12. Nb5 Qb8 13. Nfd4 Bd7 14. Nc3 Nc7 {1-0 (27) Sindarov,J (2411)-Decuigniere,T (1836) Batumi 2016}) 9. Be2 (9. Bd4 $14) 9... Nxe3 $15 10. fxe3 Qb6 11. Qd2 Bh6 12. Nd1 (12. Nd4 $11) 12... Nd7 13. O-O Nf6 14. Qd4 Qc7 15. h3 Bg7 16. Nc3 a6 (16... Nh5 $1 $17 17. Qh4 Qb6) 17. Qd2 Bd7 (17... e6 $15) 18. Nd4 $11 Rae8 19. Bd3 e5 20. dxe6 fxe6 21. Rf2 e5 22. Nc2 Bc6 23. Nb4 Bh6 (23... Qb6 {looks sharper.} 24. Nxc6 bxc6 25. Re1 Rd8 26. Qe2 a5) 24. Nbd5 (24. Rxf6 {feels hotter.} Rxf6 25. Nbd5 Qf7 26. Nxf6+ Qxf6 27. Be4) 24... Bxd5 25. Nxd5 (25. Rxf6 $11 {remains equal.} Bc6 26. Rxf8+ Rxf8 27. Re1) 25... Nxd5 $17 26. Rxf8+ Rxf8 27. cxd5 Qc5 28. Re1 Qxd5 29. Qe2 (29. Qc3 $142 Kh8 30. Bc4) 29... Kh8 30. Bc4 {[#]} Qe4 (30... Bxe3+ $1 $17 {[%mdl 512]} 31. Kh2 (31. Qxe3 Qxc4) 31... Qd4 32. Qxe3 Qxc4) 31. Bd3 Qd5 32. Bc4 $1 {[%cal Rc4d5] [#]} Qc5 (32... Bxe3+ $142 $1 {[%mdl 512]} 33. Qxe3 Qxc4) 33. Bd3 (33. Qd3 $17 {was necessary.}) 33... b5 $19 34. Kh1 d5 $36 {[%mdl 2048] Black is in control.} 35. e4 d4 ({Black should play} 35... Rf2 $19 36. Qg4 Rd2) 36. Bc2 (36. Kh2 $17 {is a better defense.}) 36... Be3 {Hoping for ...Rf2.} 37. Bb3 $2 {[%mdl 8192] Loses the game.} (37. Rf1 $17) 37... Rf2 38. Qg4 Qf8 {...Rf1+ is the strong threat.} 39. Bd5 Rf1+ {Black mates.} 40. Rxf1 Qxf1+ 41. Kh2 Bg1+ 42. Kg3 Qf2# {Accuracy: White = 38%, Black = 54%.} 0-1

[Event "Stay Safe Play From Home 131"]
[Site "T#645805Emanuel Laske"]
[Date "2020.05.07"]
[Round "7"]
[White "Lazieri3"]
[Black "Chase the sun"]
[Result "1-0"]
[WhiteElo "1997"]
[BlackElo "1871"]
[Annotator "TA"]
[PlyCount "53"]
[EventDate "2020.05.07"]
[EventType "swiss (blitz)"]

{[%evp 14,53,-10,-20,-9,-17,-29,-35,-33,-27,-27,-56,12,10,15,8,18,14,82,89,88,86,81,78,142,137,133,126,191,165,322,311,981,208,708,146,752,735,29997,510,29998,29999]} 1. e4 e6 2. Nc3 d5 3. Nf3 Nf6 4. e5 Nfd7 5. d4 c5 6. dxc5 Nxc5 7. Bf4 Nc6 8. Be2 Be7 {C11: French: Classical System: 4 e5 and 4 Bg5 dxe4.} 9. O-O O-O 10. h3 {[#]} f6 $146 {Black is slightly better.} ({Predecessor:} 10... a6 11. Qd2 Qb6 12. Rab1 Rd8 13. Bd3 Nb4 14. Qe2 h6 15. a3 Nbxd3 16. cxd3 Nb3 {0-1 (30) Casper,T (2412)-Appel,R (2507) Germany 2005}) 11. exf6 Bxf6 12. Bg3 Bxc3 ({Better is} 12... d4 $15 13. Nb5 e5) 13. bxc3 $11 Ne4 14. c4 Nxg3 15. fxg3 Qf6 (15... Qd6 $11) 16. cxd5 $16 exd5 17. Qxd5+ Be6 18. Qb5 {Strongly threatening Ng5.} Nd4 ({Black should play} 18... Qc3) 19. Nxd4 Qxd4+ 20. Kh2 $1 Rac8 (20... Qd7 $16 {was necessary.}) 21. Bd3 Bd5 $2 (21... Qd5) 22. Rad1 $18 {Threatens to win with Bxh7+!} Rxf1 $2 {[#]} (22... a6 23. Qd7 Qc5 24. Rxf8+ Rxf8 25. Bxh7+ Kxh7) 23. Rxf1 $2 (23. Bxh7+ $1 {[%mdl 512]} Kxh7 24. Rxd4) 23... Qe5 $2 {[#]} (23... Rd8 24. Rd1 Qf6 25. Bxh7+ Kxh7) 24. Qd7 $2 $40 {[%mdl 128] White has strong attack.} (24. Rf5 $1 $18 {is more deadly.} a6 25. Rxe5 axb5 26. Rxd5) 24... Re8 $2 {[%mdl 8192]} (24... Qe6 $16 25. Qa4 Qc6) 25. c4 Bc6 26. Qf7+ Kh8 {[#]} 27. Qf8+ $1 {[%mdl 576] Back Rank. Black got outplayed after the opening. Accuracy: White = 89%, Black = 30%.} 1-0

[Event "Stay Safe Play From Home 131"]
[Site "T#645805Emanuel Laske"]
[Date "2020.05.07"]
[Round "7"]
[White "Nickless0"]
[Black "Dukic"]
[Result "0-1"]
[WhiteElo "1961"]
[BlackElo "1759"]
[Annotator "TA"]
[PlyCount "70"]
[EventDate "2020.05.07"]
[EventType "swiss (blitz)"]

{[%evp 9,70,7,7,-1,29,20,27,-11,-2,0,-8,-22,-12,-36,-43,-37,64,-50,-37,-77,-66,-82,-74,-86,-87,-104,-82,-79,-77,-86,-73,-93,-94,-579,-170,-467,-233,-209,-166,-168,-172,-299,-247,-255,-245,-292,-237,-441,-439,-602,-608,-1478,-1481,-1280,-1057,-1991,-1800,-29990,-29991,-29992,-29993,-29995,-29990]} 1. e4 c6 2. d4 d6 3. Nc3 Nd7 4. f4 e5 5. fxe5 dxe5 6. dxe5 {[#] B12: Caro-Kann: Advance Variation.} Qe7 $146 ({Predecessor:} 6... Nxe5 7. Qxd8+ Kxd8 8. Bf4 Bd6 9. O-O-O Kc7 10. Kb1 Ne7 11. Nf3 N7g6 12. Bg3 f6 {1-0 (42) Mayank,P (1727)-Adam,W (1880) Prague 2016}) 7. Nf3 {With the idea Bg5.} Nxe5 8. Bf4 {White has an edge.} Ng6 9. Bg5 Nf6 10. Bc4 h6 11. Bxf6 Qxf6 12. O-O Be6 (12... Bc5+ $15 13. Kh1 O-O) 13. Bxe6 (13. Nd4 $14 Qe5 14. Nxe6 fxe6 15. Qg4 Qc5+ 16. Kh1) 13... Qxe6 14. Kh1 Bd6 15. Nd4 Qe5 {[%csl Gd6][%cal Re5h2] [#]} 16. g3 O-O 17. Nf5 Bc7 18. Qg4 Rad8 19. Rad1 b5 20. a3 a5 21. Nd4 $2 {[%mdl 8192] Now White is beyond hope.} (21. Kg2 $17) 21... Qc5 $2 (21... Rxd4 22. Rxd4 Qxd4) 22. Rf5 $2 (22. Nce2) 22... Qc4 (22... Ne5 $142 23. Nxc6 Qxc6) 23. Nce2 $19 {[#] And now b3 would win.} Be5 {[%cal Re5d4]} 24. b3 Qc5 {aiming for ...Qb6.} 25. c3 (25. h4 {keeps fighting.}) 25... Qxa3 {Strongly threatening ...c5.} 26. Rdf1 Qd6 27. h4 b4 {[%cal Bb5b4,Bb4c3][%mdl 32]} 28. h5 $2 (28. R5f3 {was necessary.} Ne7 29. Nf5 Nxf5 30. exf5) 28... Ne7 29. Rxe5 Qxe5 30. Rf5 Nxf5 31. Nxf5 Kh7 32. Nf4 bxc3 33. Ng6 fxg6 {Black mates.} 34. Qxg6+ Kh8 35. Nxh6 gxh6 {Accuracy: White = 37%, Black = 58%.} 0-1

[Event "Stay Safe Play From Home 131"]
[Site "T#645805Emanuel Laske"]
[Date "2020.05.07"]
[Round "7"]
[White "Haris kollari 13"]
[Black "Sfantul321"]
[Result "1-0"]
[WhiteElo "1924"]
[BlackElo "2066"]
[Annotator "TA"]
[PlyCount "87"]
[EventDate "2020.05.07"]
[EventType "swiss (blitz)"]

{[%evp 16,86,28,0,35,-37,-16,-37,8,-23,0,-15,58,20,19,-45,-31,-115,-29,-93,-89,-85,-45,-43,249,127,253,248,243,214,206,179,229,178,179,180,159,89,212,154,252,259,285,204,227,156,227,214,227,232,395,382,337,10,0,0,29,29,60,0,0,0,492,467,945,904,29979,29980,29999,905,5365,600,29999]} 1. e4 c5 2. Nf3 Nc6 3. d4 cxd4 4. Nxd4 g6 5. Nc3 Bg7 6. Be3 Nf6 7. Be2 d6 8. Qd2 $1 {[%mdl 4] is more profitable than 8.0-0 at the moment.} O-O 9. h3 a6 {B72: Sicilian Dragon: 6 Be3, lines with h3+Bc4 and sidelines.} 10. f4 (10. O-O $14) 10... Nxd4 $1 $15 11. Bxd4 b5 {Black is slightly better.} (11... e5 $5 {[%cal Re5d4]} 12. fxe5 dxe5 $11) 12. Bf3 {Threatens to win with e5.} Rb8 {[#]} 13. O-O-O $146 ({Predecessor:} 13. e5 dxe5 14. Ba7 Qxd2+ 15. Kxd2 Rb7 16. Bxb7 Bxb7 17. fxe5 Nd7 18. e6 fxe6 19. Rae1 {½-½ (53) Budszuhn,T (1924)-Hain,C (1810) Nordrheinwestfalen 2012}) 13... Bb7 (13... b4 $1 $11 14. Nd5 e5 15. fxe5 Nxd5 16. exd5 dxe5) 14. Rhe1 b4 15. Nb1 (15. Nd5 $11) 15... Qc7 16. g4 (16. e5 $15 Ne8 17. Bxb7 Rxb7 18. Qe3) 16... Rfd8 (16... e5 $17 17. fxe5 dxe5) 17. f5 (17. Qf2 $11) 17... Rbc8 18. g5 {[#]} Nxe4 $1 {[%mdl 512]} 19. Bxe4 (19. Rxe4 Bxe4) 19... Bxd4 $4 {[%mdl 8192]} (19... d5 $15 {keeps the upper hand.} 20. fxg6 dxe4 21. gxf7+ Kxf7 22. Qf2+ Kg6 23. Bxg7 Rxd1+ 24. Kxd1 Kxg7) 20. Bxb7 (20. Qxd4 $18 Bxe4 21. Qxe4) 20... Qxb7 (20... Bxb2+ $16 {was worth a try.} 21. Kxb2 Qxb7) 21. Qxd4 $18 gxf5 22. Rd2 e5 23. Qd5 Qb6 24. Rf1 f4 25. h4 Qe3 26. Qf3 (26. Qh1 $142) 26... Qc5 (26... d5 $16) 27. h5 a5 {[#]} (27... d5 $16 {was necessary.} 28. Qg4 Qd6) 28. g6 $1 hxg6 (28... fxg6 29. hxg6) 29. hxg6 fxg6 30. Rh1 Kg7 (30... Qc6 $16 {is a better defense.} 31. Qb3+ (31. Qh3 Kf7 $11) 31... Kg7) 31. Qg4 $1 Qc4 {[#]} 32. Rg2 $1 Qf7 $2 {[#]} (32... Qe4) 33. Nd2 $1 Rh8 34. Rgh2 $2 ({Only move:} 34. Rhg1 $18) 34... Rxh2 $11 35. Rxh2 $40 {[%mdl 128] White attacks.} Rh8 36. Rxh8 Kxh8 37. Qh4+ ({White should play} 37. Ne4 $14) 37... Kg7 38. Ne4 Qd7 $2 {[%mdl 8192]} (38... d5 $11 39. Ng5 Qf5) 39. Qf6+ $18 {[%mdl 64] Double Attack} Kh6 (39... Kh7 $142 40. b3 Qa7 41. Ng5+ Kg8 42. Qxg6+ Qg7 43. Qe6+ Kh8) 40. Nxd6 f3 41. Nf7+ {[%mdl 64] Double Attack} Kh7 42. Ng5+ (42. Qh8# $142) 42... Kh6 43. Nxf3 (43. Ne6 $142 Qxe6 44. Qxe6) 43... Qf5 44. Qh8# {Accuracy: White = 38%, Black = 30%.} 1-0

[Event "Stay Safe Play From Home 131"]
[Site "T#645805Emanuel Laske"]
[Date "2020.05.07"]
[Round "7"]
[White "Tumnik_ad"]
[Black "MartinKestler"]
[Result "0-1"]
[WhiteElo "1896"]
[BlackElo "1928"]
[Annotator "TA"]
[PlyCount "182"]
[EventDate "2020.05.07"]
[EventType "swiss (blitz)"]

{[%evp 9,182,0,0,-3,0,-38,-28,-69,-31,-37,-37,-84,-56,-129,-10,-19,28,11,60,-3,0,-26,-31,-22,-18,-33,2,-45,3,-14,-10,-6,-10,-41,-16,-42,28,-93,-101,-95,-59,-73,-34,-34,-36,-77,-16,-18,0,0,0,-35,-5,-6,-6,-71,-6,-182,-173,-193,-182,-167,-152,-133,0,0,0,0,0,-102,-62,-187,-141,-691,-625,-560,1468,1230,12834,12835,12835,12835,12836,12833,12834,12834,12839,12839,12841,12840,12842,12839,12841,12841,12845,12845,29983,29984,29985,29986,29987,29988,29988,29989,29989,29990,29990,12848,12849,12844,12850,12848,12849,12848,12849,0,12849,12849,12850,12848,12849,12847,12847,0,0,0,12846,0,12850,0,12849,12848,12850,12846,12846,105,12848,0,12848,0,12848,0,0,0,0,0,0,-12851,-27999,-12851,-12851,-12851,-27999,-12851,-27999,-27998,-27998,-27999,-27999,-27998,-27998,-27999,-27998,-27999,-27998,-27999,-27998,-27999,-27998,-27999,-27998,-27999,-27998,-27999,-27999]} 1. c3 d6 2. d3 Nf6 3. Nd2 ({Predecessor:} 3. Na3 g6 4. Bd2 Bg7 5. Qc1 h6 6. h3 e5 7. e4 Nc6 8. Be2 Be6 9. Nf3 Nd7 10. Nh2 {1-0 (27) Hofschlag,D (1549)-Hageresch,L (1338) Lieme 2011}) 3... Bf5 4. h3 d5 5. g4 Bg6 6. Bg2 {A00: Irregular Openings.} c6 7. Nf1 Nbd7 8. Ng3 {Black has an edge.} e6 9. Nf3 Bd6 10. Qb3 Qb6 11. Nd2 (11. Nh4 $15) 11... Bxg3 (11... Qc7 $17 12. O-O h5) 12. fxg3 Qxb3 (12... Qc7 {is more complex.} 13. O-O O-O 14. Kh2 h6 15. Nf3 Rfe8) 13. Nxb3 O-O 14. Bg5 (14. Na5 $14) 14... h6 $11 15. Bxf6 (15. Be3 {is interesting.} e5 16. a4 a5 17. Kf2 Rfe8 18. g5) 15... Nxf6 16. O-O Nd7 17. Nd2 e5 18. h4 f5 19. Bh3 {[%cal Rg4f5]} fxg4 20. Bxg4 Nf6 21. Bh3 Kh7 22. Nf3 e4 (22... Rfe8 $15) 23. dxe4 (23. Ne5 $11) 23... Nxe4 $17 24. Kh2 h5 25. Ne5 Rae8 {Threatens to win with ...Rxf1.} 26. Rxf8 Rxf8 27. Rf1 Rxf1 (27... Re8 $1 $17 {[%cal Re8e5]} 28. Nxg6 Kxg6) 28. Bxf1 {[%mdl 4096] Endgame KBN-KBN} Be8 29. Bh3 g6 30. Nf3 Nc5 31. Ng5+ Kg7 32. Bc8 (32. b3 $11) 32... b6 (32... Kf6 $17) 33. Kg2 $2 (33. b3 $11 {and White has nothing to worry.}) 33... Na4 $1 $19 34. Ne6+ Kf6 35. Nc7 Bf7 36. Bb7 c5 (36... Nxb2 $17 37. Bxc6 Nd1) 37. Bxd5 $11 Nxb2 38. Bxf7 Kxf7 {KN-KN} 39. Nb5 (39. Nd5 $11 {keeps the balance.}) 39... a6 40. Nd6+ ({White should play} 40. Nc7 $1 $15) 40... Ke6 $19 41. Nc8 $2 {[%mdl 8192]} (41. Ne4 $17) 41... b5 42. Nb6 Na4 $4 {[%mdl 8192]} (42... c4 $19 43. e4 b4 $1 {[%mdl 512]}) 43. Nxa4 $18 bxa4 {KP-KP} 44. Kf3 Kd5 45. e4+ Ke5 46. Ke3 a3 47. Kd3 Ke6 48. Kc4 Ke5 49. Kxc5 Kxe4 50. Kb4 Kf3 51. c4 Kxg3 52. c5 Kxh4 53. c6 g5 54. c7 g4 55. c8=Q g3 56. Qc6 Kh3 57. Qh1+ Kg4 58. Kxa3 (58. Kc4 $142 a5 59. Kd4 Kf5 60. Kd5 Kg5 61. Ke5 Kg6 62. Qg2 $1 {[%mdl 512]} h4 63. Qc6+ Kg7 64. Qf6+ {[%mdl 64] Double Attack} Kg8 65. Qg6+ Kf8 66. Ke6 h3 67. Qf7#) 58... h4 59. Qd1+ Kf4 60. Qd4+ Kg5 61. Qd3 Kg4 62. Qd1+ $2 (62. Qf1 $18 Kg5 63. Qe2 Kf4 64. Qh5 g2 65. Qxh4+ Ke3 66. Qg3+ {[%mdl 64] Double Attack} Ke2 67. Qxg2+ Kd3 68. Qg4) 62... Kg5 $2 {[%mdl 8192]} (62... Kf4 $11 63. Qh5 g2 64. Qxh4+ Kf3 65. Qh2 Kf2 66. Kb4 Kf1 67. Qf4+ Ke2) 63. Qe2 h3 64. Qd2+ Kg4 65. Qd4+ Kf3 66. Qd3+ $2 (66. Qg1 $18 g2 67. Qh2) 66... Kf2 67. Qd2+ Kf3 $2 {[%mdl 8192]} (67... Kf1 $11) 68. Qd3+ $2 (68. Qd5+ $18 Kf4 69. Qc4+ Ke3 70. Qe6+ Kf2 71. Qxh3 g2 72. Qh4+ Ke2 73. Qg3) 68... Kf4 $2 {[%mdl 8192]} (68... Kf2 $11) 69. Qd4+ $2 (69. Qxa6 $18 {White wants to mate with Qh6+.} Ke3 70. Qf1) 69... Kg5 $2 {[%mdl 8192]} (69... Kf3 $11) 70. Qd5+ Kg4 71. Qd6 Kf3 72. Qd7 $2 (72. Qc6+ $18 {has better winning chances.} Kf2 73. Qh1) 72... h2 $2 {[%mdl 8192]} (72... Kg2 $16 73. Qd2+ Kg1) 73. Qf7+ $2 ({White should try} 73. Qh3 $18 Kf2 74. Kb3) 73... Kg4 $2 {[%mdl 8192]} (73... Kg2 $11) 74. Qe7 $2 (74. Qf1 $18 Kg5 75. Qf3) 74... Kh3 $2 {[%mdl 8192]} (74... h1=Q $11 75. Qe6+ Kg5 76. Qe5+ Kg4 77. Qe6+ {[%mdl 64] Double Attack} Kh5 78. Qe5+ (78. Qf5+ Kh6 $11) 78... Kg4 79. Qe6+ {[%mdl 64] Double Attack}) 75. Qd7+ $2 (75. Qe4 $18 {Kb4 would kill now.} h1=B 76. Qxh1+ Kg4 77. Kb4 a5+ 78. Kxa5 Kg5 {[#]} 79. Qg2 $1 {[%mdl 512]} Kg4 80. a4) 75... Kg2 $11 76. Qg7 h1=Q {And now ...Qc1+ would win. KQ-KQ} 77. Qb7+ Kg1 (77... Kh2 $5 78. Qh7+ $8 Kg2 79. Qe4+ Kh2 80. Qh7+ Kg2 81. Qe4+ Kh2 82. Qh7+ $11) 78. Qxa6 $2 {[%mdl 8192]} (78. Qb1+ $11 Kg2 79. Qe4+ Kh2 80. Qh7+ Kg2 81. Qe4+ Kh2 82. Qh7+ Kg1 83. Qb1+ Kh2 84. Qh7+) 78... Qf3+ $19 79. Kb4 g2 80. Kb5 Qe2+ 81. Kc6 Qxa6+ 82. Kc7 {Black mates.} Qxa2 83. Kb7 Kf1 84. Kb8 g1=Q 85. Kc7 Qg3+ 86. Kd8 Qgb3 87. Kd7 Qac2 88. Ke8 Qbd3 89. Kf7 Qce2 90. Kg7 Qdf3 {( -> ...Qeg2+)} 91. Kh6 Qeg2 {Accuracy: White = 50%, Black = 51%.} 0-1

[Event "Stay Safe Play From Home 131"]
[Site "T#645805Emanuel Laske"]
[Date "2020.05.07"]
[Round "7"]
[White "Kongle"]
[Black "matanant"]
[Result "0-1"]
[WhiteElo "1745"]
[BlackElo "1776"]
[Annotator "NA RC"]
[PlyCount "66"]
[EventDate "2020.05.07"]
[EventType "swiss (blitz)"]

1. e4 {[%emt 0:00:09]} e5 {[%emt 0:00:02]} 2. Nf3 {[%emt 0:00:02]} d5 {[%emt 0:00:02]} 3. exd5 {[%emt 0:00:03]} e4 {[%emt 0:00:01]} 4. Nd4 {[%emt 0:00:01]} Qxd5 {[%emt 0:00:02]} 5. Nb3 {[%emt 0:00:08]} Nf6 {[%emt 0:00:02]} 6. c4 {[%emt 0:00:03]} Qe5 {[%emt 0:00:03]} 7. Nc3 {[%emt 0:00:07]} a6 {[%emt 0:00:05]} 8. Be2 {[%emt 0:00:01]} Bd6 {[%emt 0:00:02]} 9. c5 {[%emt 0:00:12]} Bxc5 {[%emt 0:00:05]} 10. Nxc5 {[%emt 0:00:01]} Qxc5 {[%emt 0:00:01]} 11. O-O {[%emt 0:00:01]} O-O {[%emt 0:00:02]} 12. d4 {[%emt 0:00:03]} exd3 {[%emt 0:00:02]} 13. Bxd3 {[%emt 0:00:01]} Nc6 {[%emt 0:00:03]} 14. Be3 {[%emt 0:00:02]} Qb4 {[%emt 0:00:12]} 15. Rb1 {[%emt 0:00:11]} Bg4 {[%emt 0:00:07]} 16. f3 {[%emt 0:00:06]} Rfe8 {[%emt 0:00:05]} 17. Bf2 {[%emt 0:00:11]} Rad8 {[%emt 0:00:09]} 18. fxg4 {[%emt 0:00:06]} Ne5 {[%emt 0:00:03]} 19. a3 {[%emt 0:00:09]} Qf8 {[%emt 0:00:38]} 20. Bxh7+ {[%emt 0:00:12]} Nxh7 {[%emt 0:00:10]} 21. Qb3 {[%emt 0:00:04]} Nd3 {[%emt 0:00:10]} 22. Bh4 {[%emt 0:00:06]} g5 {[%emt 0:00:03]} 23. Bg3 {[%emt 0:00:02]} Nc5 {[%emt 0:00:19]} 24. Qc4 {[%emt 0:00:10]} Ne6 {[%emt 0:00:03]} 25. Nd5 {[%emt 0:00:07]} c6 {[%emt 0:00:05]} 26. Nf6+ {[%emt 0:00:07]} Nxf6 {[%emt 0:00:02]} 27. Rxf6 {[%emt 0:00:01]} Rd4 {[%emt 0:00:02]} 28. Qb3 {[%emt 0:00:09]} Rxg4 {[%emt 0:00:05]} 29. Rbf1 {[%emt 0:00:01]} Qc5+ {[%emt 0:00:02]} 30. Bf2 {[%emt 0:00:06]} Qe5 {[%emt 0:00:02]} 31. Bg3 {[%emt 0:00:09]} Nd4 {[%emt 0:00:02]} 32. Bxe5 {[%emt 0:00:03]} Rxe5 {[%emt 0:00:02]} 33. Qxb7 {[%emt 0:00:05]} Re7 {[%emt 0:00:05] Time (Lag: Av=0.90s, max=1.7s)} 0-1

[Event "Stay Safe Play From Home 131"]
[Site "T#645805Emanuel Laske"]
[Date "2020.05.07"]
[Round "7"]
[White "chessuliu"]
[Black "Edmatuag"]
[Result "0-1"]
[WhiteElo "1686"]
[BlackElo "1687"]
[Annotator "NA RC"]
[PlyCount "64"]
[EventDate "2020.05.07"]
[EventType "swiss (blitz)"]

1. d4 {[%emt 0:00:04]} d5 {[%emt 0:00:05]} 2. Nf3 {[%emt 0:00:01]} Nf6 {[%emt 0:00:01]} 3. e3 {[%emt 0:00:00]} e6 {[%emt 0:00:01]} 4. c3 {[%emt 0:00:02]} Be7 {[%emt 0:00:01]} 5. Nbd2 {[%emt 0:00:02]} O-O {[%emt 0:00:00]} 6. Bd3 {[%emt 0:00:02]} c5 {[%emt 0:00:01]} 7. Qe2 {[%emt 0:00:02]} Nbd7 {[%emt 0:00:01]} 8. O-O {[%emt 0:00:03]} b6 {[%emt 0:00:01]} 9. Re1 {[%emt 0:00:02]} Bb7 {[%emt 0:00:01]} 10. e4 {[%emt 0:00:02]} dxe4 {[%emt 0:00:06]} 11. Nxe4 {[%emt 0:00:01]} Qc7 {[%emt 0:00:10]} 12. h3 {[%emt 0:00:10]} Nd5 {[%emt 0:00:07]} 13. dxc5 {[%emt 0:00:16]} Nxc5 {[%emt 0:00:14]} 14. Nxc5 {[%emt 0:00:03]} Bxc5 {[%emt 0:00:00]} 15. Bg5 {[%emt 0:00:18]} Nf4 {[%emt 0:00:07]} 16. Bxf4 {[%emt 0:00:13]} Qxf4 {[%emt 0:00:00]} 17. Qe5 {[%emt 0:00:11]} Qf6 {[%emt 0:00:34]} 18. Qxf6 {[%emt 0:00:07]} gxf6 {[%emt 0:00:02]} 19. Be4 {[%emt 0:00:04]} Rab8 {[%emt 0:00:05]} 20. Bxb7 {[%emt 0:00:04]} Rxb7 {[%emt 0:00:00]} 21. Rad1 {[%emt 0:00:02]} Rc8 {[%emt 0:00:06]} 22. Nd4 {[%emt 0:00:08]} Kg7 {[%emt 0:00:04]} 23. Nb5 {[%emt 0:00:02]} Rc6 {[%emt 0:00:08]} 24. Rd3 {[%emt 0:00:04]} f5 {[%emt 0:00:04]} 25. Red1 {[%emt 0:00:09]} Kf6 {[%emt 0:00:07]} 26. Nd6 {[%emt 0:00:09]} Rxd6 {[%emt 0:00:15]} 27. Rxd6 {[%emt 0:00:04]} Bxd6 {[%emt 0:00:00]} 28. Rxd6 {[%emt 0:00:02]} Ke5 {[%emt 0:00:02]} 29. Rd4 {[%emt 0:00:03]} f4 {[%emt 0:00:03]} 30. Kf1 {[%emt 0:00:06]} f5 {[%emt 0:00:02]} 31. Ke2 {[%emt 0:00:03]} Re7 {[%emt 0:00:07]} 32. Kf3 {[%emt 0:00:01]} Rg7 {[%emt 0:00:06] Zeit (Lag: Av=0.55s, max=0.6s)} 0-1